Science Quiz

Random Science or Animal Quiz

Cougar States Quiz Stats

 Plays Quiz Updated Aug 3, 2018

Score 0/16 Timer 02:00
3 Plays Today
% Correct
Idaho
97.3%
Wyoming
97.2%
Utah
96.9%
Colorado
96.8%
Montana
96.4%
Nevada
95.1%
Oregon
95.1%
California
92.7%
% Correct
Washington
92.6%
Arizona
89%
New Mexico
86.7%
South Dakota
83.6%
North Dakota
81.6%
Nebraska
72.1%
Texas
61.1%
Florida
23.9%

You're not logged in!

Compare scores with friends on all Sporcle quizzes.
OR
Log In

Sporcle TV

Today on Sporcle TV


Watch our educational content, quiz creation guides, and fun videos on Sporcle TV.

Show Comments

Extras

Top Quizzes Today


Score Distribution

Your Account Isn't Verified!

In order to create a playlist on Sporcle, you need to verify the email address you used during registration. Go to your Sporcle Settings to finish the process.

Report this User

Report this user for behavior that violates our Community Guidelines.

Details: